004580000a220010900045001000021000002450128000213000055001497730029002049420008002339520090002419990017003311 aHoward, David M.10aThe power to change : When a drunken man staggered into church, the missionary almost didn't take him seriously. Christ did aVol. 74, Num. 2 (Enero-Febrero, 1994), Página 160 tLatin America Evangelist cANA 001040708HEMaFUSBCbFUSBCd2016-01-26l0o r2016-01-26 00:00:00w2016-01-26yANA c54795d54795